000
00487nam a2200181Ia 4500
008
100917s9999 xx 000 0 und d
082
_b
188
100
_a
देवगिरीकर त्र्यंबक रघुनाथ
245
_a
फेडरेशन
260
_b
---
_c
1838
300
_a
508
365
_b
0
520
_a
इतिहास
630
_a
फेडरेशन
650
_a
इतिहास
730
_a
फेडरेशन
942
_c
BOOK
999
_c
605582
_d
605579